El Latente riesgo urbano de San Salvador

Furkejuvvon:
Bibliográfalaš dieđut
Materiálatiipa: Texto
Fáttát:
Fáddágilkorat: Lasit fáddágilkoriid
Eai fáddágilkorat, Lasit vuosttaš fáddágilkora!

MARC

LEADER 00000 a a2200000 04500
001 6568
003
040
245 |a El Latente riesgo urbano de San Salvador  
650 |a DESASTRES NATURALES  
650 |a INUNDACIONES  
650 |a ZONAS URBANAS  
773 |g volumen 22, número 995; páginas 7-8  
999 |c 25894  |d 25894